|
|
|
|
| LEADER |
00000naa2a2200000 4500 |
| 001 |
84037 |
| 005 |
20231031100425.0 |
| 035 |
|
|
|a (RuTPU)RU\TPU\book\90351
|
| 090 |
|
|
|a 84037
|
| 100 |
|
|
|a 20051025d2002 k y0rusy50 ca
|
| 101 |
0 |
|
|a rus
|
| 102 |
|
|
|a RU
|
| 200 |
1 |
|
|a Исследование волластонитового сырья для технологии термосиликатных изделий
|f В. Н. Смиренская, С. А. Антипина
|
| 461 |
|
1 |
|0 (RuTPU)RU\TPU\book\48472
|t Химия и химическая технология на рубеже тысячелетий
|o материалы II Всероссийской научной конференции, Томск, 26-28 ноября 2002 г.
|f Российское химическое общество им. Д. И. Менделеева; Российская академия естественных наук; Томский научный центр СО РАН; Администрация Томской области; Томский политехнический университет
|d 2002-
|
| 463 |
|
0 |
|0 (RuTPU)RU\TPU\book\48111
|t Т. 1
|v С. 151-153.
|d 2002
|p 354 с.
|
| 610 |
1 |
|
|a исследования
|
| 610 |
1 |
|
|a волластонитовое сырьё
|
| 610 |
1 |
|
|a термосиликаты
|
| 610 |
1 |
|
|a технологии
|
| 610 |
1 |
|
|a строительные материалы
|
| 610 |
1 |
|
|a вяжущие
|
| 610 |
1 |
|
|a силикаты
|
| 610 |
1 |
|
|a микрокремнезём
|
| 610 |
1 |
|
|a Синюхинское месторождение
|
| 610 |
1 |
|
|a труды учёных ТПУ
|
| 700 |
|
1 |
|a Смиренская
|b В. Н.
|c химик-технолог
|c доцент Томского политехнического университета, кандидат технических наук
|f 1945-
|g Вера Николаевна
|2 stltpush
|3 (RuTPU)RU\TPU\pers\28917
|
| 701 |
|
1 |
|a Антипина
|b С. А.
|c химик-технолог
|c доцент Томского политехнического университета, кандидат технических наук
|f 1980-
|g Светлана Анатольевна
|2 stltpush
|3 (RuTPU)RU\TPU\pers\25603
|
| 801 |
|
1 |
|a RU
|b 63413507
|c 20051025
|g PSBO
|
| 801 |
|
2 |
|a RU
|b 63413507
|c 20151116
|g RCR
|
| 942 |
|
|
|c BK
|